=LDR 00000nam 2200000 4500 =001 NUTBA000000000005070 =005 20200211113932 =035 ##$$a 0010-101400000000300 =008 200211################g##########0#ind## =020 ##$$a 979-20-4331-4 =082 ##$$a 005.369 =100 ##$$a ARRY MAULANA SYARIF =245 1#$$a DESAIN GRAFIS DAN WEB DENGAN Macromedia Fireworks MX /$c ARRY MAULANA SYARIF =260 ##$$a JAKARTA :$b ELEX MEDIA KOMP.,$c 2003 =084 ##$$a 005.369 ARR d =250 ##$$a Cet.1 =300 ##$$a xviii, 1250 hlm, : $b Ilus. ; $c 19 x 23 Cm =990 ##$$a 0001/BPAP-NTB/20142014